Movie Kisses II Quiz Stats

 Plays Quiz Updated Feb 14, 2014

Support Sporcle.
Go Orange.
Score 0/20 Timer 07:00
3 Plays Today
Movie Title % Correct
Pirates of the Caribbean: Dead Man's Chest
90.6%
Dirty Dancing
90.5%
Mr. and Mrs. Smith
90.4%
Pretty Woman
88.9%
Brokeback Mountain
87.3%
The Notebook
86.3%
The Breakfast Club
75.3%
Slumdog Millionaire
69%
Back to the Future
62.1%
Shakespeare in Love
58.4%
Movie Title % Correct
My Girl
57.5%
Notting Hill
50%
Good Will Hunting
46%
You've Got Mail
44.2%
Cruel Intentions
44.1%
Speed
42.6%
Splash
39.6%
Cold Mountain
31.3%
Love Actually
30.5%
Breakfast at Tiffany's
15.1%

You're not logged in!

Compare scores with friends on all Sporcle quizzes.
OR
Log In
Forgot?

From the Vault

Actors' Movies by Role II

by Larryholmes79

They might not be astronauts, but they can act a little spacey.
Remove Ads.
Support Sporcle.
Get the best of Sporcle when you Go Orange. This ad-free experience offers more features, more stats, and more fun while also helping to support Sporcle. Thank you for becoming a member.

Show Comments

Extras

Top Quizzes Today


Score Distribution

Your Account Isn't Verified!

In order to create a playlist on Sporcle, you need to verify the email address you used during registration. Go to your Sporcle Settings to finish the process.

Report this User

Report this user for behavior that violates our Community Guidelines.

Details: